| 000 | 02234nam a22003494i 4500 | ||
|---|---|---|---|
| 001 | 991061497280706706 | ||
| 003 | ES-BaIT | ||
| 005 | 20251209093257.0 | ||
| 008 | 250918s2025 sp ao 000 d spa|c | ||
| 017 |
_aDL M 2905-2022 _bOficina DL de Madrid |
||
| 020 | _a9788490414392 | ||
| 040 |
_aES-BaIT _bcat _erda _cES-BaIT |
||
| 080 | _a860-2"20" | ||
| 100 | 1 |
_aPérez Toledo, Roberto, _d1978-2022 _eautor _9167258 |
|
| 245 | 1 | 0 |
_aManual básico de lengua de signos para romper corazones / _cRoberto Pérez Toledo |
| 250 | _aPrimera edición | ||
| 264 | 1 |
_aMadrid : _bCentro Dramático Nacional, _cmarzo 2022 |
|
| 300 |
_a102 pàgines : _bil·lustracions en color, fotos ; _c22 cm |
||
| 336 |
_atext _btxt _2rdacontent |
||
| 337 |
_asense mediació _bn _2rdamedia |
||
| 338 |
_avolum _bnc _2rdacarrier |
||
| 500 | _aP4: D1, H3 | ||
| 500 | _aAl llom: 14 | ||
| 500 | _aEsta obra de teatro se estrenó en el Centro Dramático Nacional, Sala de la Princesa del Teatro María Guerrero, el miércoles 19 de enero de 2022 | ||
| 520 | _aLucho es sordo, pero Jaime tiene mucho que contarle. Es invierno, y los dos acaban de conocerse. El primer flirteo en un centro comercial ha desembocado en un paseo por las calles de Madrid y, después, sus pasos les encaminan hacia el piso de Jaime. Es evidente que se gustan, y Jaime se esfuerza por vocalizar mucho para que Lucho descifre sus labios. Pero Lucho prefiere usar los labios, los suyos, para besar a Jaime.A la mañana siguiente, Jaime arranca a un esquivo Lucho el compromiso de que le enseñará lengua de signos. Y así Lucho se convierte en presencia habitual en la casa, con permiso del compañero de Jaime, Pote, que también hace buenas migas con el recién llegado.Entre palabras y signos, avanza una relación en la que los dos chicos se enamoran a trompicones, mientras resquebrajan sus corazas, sus mundos chocan y Jaime indaga poco a poco en la misteriosa intimidad de Lucho, que incluye a su hermana Juana, también sorda | ||
| 650 | 0 |
_aHomosexuals _xTextos dramàtics _9160161 |
|
| 650 | 0 |
_aSords _xTextos dramàtics _9167259 |
|
| 710 | 2 |
_aCentro Dramático Nacional (Espanya) _eentitat editora _9167260 |
|
| 908 | _aCDMAE | ||
| 940 | _aCVA2 | ||
| 942 |
_2udc _c1 |
||
| 999 |
_c136589 _d136589 |
||